=LDR 00000nam 2200000 4500 =001 INLIS000000000008597 =005 20130612100441 =008 ***********************************Ind** =035 ##$$0010-061300000008597 =041 ##$$a Ind =082 ##$$a 297 =090 ##$$a 297, Pra i =100 ##$$a Prawiranegara, syafruddin =245 ##$$a Islam Dilihat Dengan Kacamata Modern, Syafruddin Prawiranegara =260 ##$$a 1978 $b Jakarta =300 ##$$a 30 hlm, 21 cm =650 ##$$a Agama Islam